000 01088naa a22003017a 4500
001 BR9102832
003 BR-BrBNA
005 20240918180722.0
007 ta
008 230509b bl.||||| |||| 00| 0 por d
040 _aBR-BrBNA
_bpor
_cBiblioteca Nacional de Agricultura
041 _a(Pt)
072 _aN20; P33
_b4520
090 _aN20 BR9102832
100 1 _aLoyola, A.S. de
100 1 _aSilva, C.L. da
100 1 _aOliveira, S.A. de
111 1 _a13. Congresso Brasileiro de Engenharia Agricola
_cItaguai, RJ (Brazil)
_d18-21 Jul 1983
245 1 _aEfeito da enxada rotativa sobre algumas propriedades fisico-hidricas do solo
260 3 _aItaguai, RJ (Brasil):
_c1983.
500 _aAnais do 13. Congresso Brasileiro de Engenharia Agricola Itaguai, RJ (Brasil): 1983. p. 61-65 (BR9102832-AM)N20
650 _aENXADA ROTATIVA
650 _aSOLO
650 _aPOROSIDADE
773 0 _tAnais do 13. Congresso Brasileiro de Engenharia Agricola
_b
_wN20 BR9102832
_gItaguai, RJ (Brasil), 1983. p. 61-65
909 _a202404
_bLucia
_c55
_dLucia Elande
942 _cAM
_2AGRIS
999 _c321809
_d321809